Statistiques concernant Logos révélant des logos #1

Cliquez ici pour prendre le quiz!

Statistiques générales

  • Ce quiz a été pris 60 750 fois
  • Le résultat moyen est 17 sur 21

Réponses sur la Carte

Les réponses sont colorées sur une échelle allant du rouge au vert en fonction du pourcentage des utilisateurs qui les ont devinées à leur premier essai. Vous pouvez retrouver ces pourcentages ci-dessous.
 

Statistiques - réponses

Réponse% Correct
Amazon
100%
Apple
99%
Microsoft
97%
Levi's
96%
Pepsi
96%
Xbox
96%
Coca-Cola
95%
Spotify
95%
Nintendo
94%
Michelin
91%
Carrefour
89%
Monopoly
89%
New Balance
85%
Tommy Hilfiger
82%
Pizza Hut
81%
Internet Explorer
75%
Nestlé
75%
Motorola
53%
JetPunk
51%
Under Armour
48%
BP
40%

Distribution des résultats

Percentile par nombre de réponses

% des personnes avec chaque résultat

Votre développement - résultats

Vous n’avez pas pris ce quiz